000 00538nam a2200217Ia 4500
003 OSt
005 20220928145605.0
006 a|||||r|||| 00| 0
007 ta
008 220927b |||||||| |||| 00| 0 eng d
024 _a81302
037 _cTextual
040 _aSDCL
_cSDCL
_beng
041 _2eng
_aeng
082 _aL:5238-44, N0
100 _aCliver Dean O Ed.
_9466491
245 0 _aFoodborne diseases
260 _c1990
942 _hL:5238-44, N0
_cTEXL
_2CC
999 _c834163
_d834163